| 000 | 00895cab a2200253 4500 | ||
|---|---|---|---|
| 001 | WB3119-53 | ||
| 008 | 090401t1995 xxu||||| |||| 00| 0 eng d | ||
| 035 | _a(Sirsi) u70751 | ||
| 041 | _aeng | ||
| 245 | _aCapital gains tax: new and revised extra-statutory concessions | ||
| 260 | _c1995 | ||
| 350 | _a0 | ||
| 490 |
_aInland Revenue Press Release _v12 May 1995, (5) |
||
| 520 | _aThe Inland Revenue has published two new Extra-Statutory Concessions (ESCs), relating to 1) the transfer of assets and, 2) incidental costs and warranty payments, and issued a revised version of ESC D22 concerning CGT rollover relief. | ||
| 650 | _aCAPITAL GAINS TAX | ||
| 650 | _aEXTRA-STATUTORY CONCESSION | ||
| 650 | _aEXTRA-STATUTORY CONCESSIONS | ||
| 650 | _aROLLOVER RELIEF | ||
| 650 | _aSHARE EXCHANGES | ||
| 650 | _aUNDERVALUE | ||
| 690 | _aTAXATION | ||
| 942 | _n0 | ||
| 948 | _c04/03/1997 | ||
| 999 |
_c44544 _d44544 |
||